000 00896nam a2200217 a 4500
001 000028302
005 20240305082246.0
008 110407s1992 dr a 000 0 spa d
040 _aDO-SdBNP
_bspa
_cBNPHU
082 _axxxx
_bS471c
111 2 _aSeminario Grandes Figuras de la Evangelización de América
_n(4to. :
_d1989, dic. 9
_cSanto Domingo)
_955297
245 1 0 _aFray Francisco de Vitoria /
_cFernándo Pérez Memen...[et. al].
260 _aSanto Domingo :
_bComisión Dominicana permanente para la Celebración del Quinto Centenario del Descubrimiento y Evangelización de América:
_bUniversidad Católica Santo Domingo,
_c1992.
300 _a127 p. :
_bil. ;
_c21 cm.
490 1 _aQuinto Centenario
490 1 _aConferencia
_vno. 6
700 1 2 _aPérez Memén, Fernando,
_d1943-
_938744
830 0 _aQuinto Centenario
_916591
830 0 _aConferencia
_vno. 6
_91181
049 _aBNPD
999 _c27794
_d27794